000 00660nam a2200181Ia 4500
003 GCL
008 140319s9999 xx 000 0 ara d
040 _aGCL /
_cGCL
082 0 4 _a810.8
_bر م
100 1 _aالراغب الاصفهانى , ابو القاسم
245 1 0 _aالمختار من محاضرات الادباء ومحاورات الشعراء والبلغاء /
_cالراغب الاصفهانى , ابو القاسم
700 1 _aمحمد احمد درويش
300 _aمتعدد
490 _aالمختار من التراث العربى
_v0
650 0 4 _aالادب العربى
650 0 4 _aالمجموعات
942 _2ddc
_cBK
999 _c44090
_d44090